<?xml version="1.0" encoding="UTF-8"?><?xml-stylesheet type="text/xsl" href="static/style.xsl"?><OAI-PMH xmlns="http://www.openarchives.org/OAI/2.0/" xmlns:xsi="http://www.w3.org/2001/XMLSchema-instance" xsi:schemaLocation="http://www.openarchives.org/OAI/2.0/ http://www.openarchives.org/OAI/2.0/OAI-PMH.xsd"><responseDate>2026-04-17T13:02:05Z</responseDate><request verb="GetRecord" identifier="oai:www.recercat.cat:2072/369006" metadataPrefix="marc">https://recercat.cat/oai/request</request><GetRecord><record><header><identifier>oai:recercat.cat:2072/369006</identifier><datestamp>2024-12-13T10:29:14Z</datestamp><setSpec>com_2072_96855</setSpec><setSpec>com_2072_96852</setSpec><setSpec>com_2072_2015</setSpec><setSpec>col_2072_228885</setSpec></header><metadata><record xmlns="http://www.loc.gov/MARC21/slim" xmlns:dcterms="http://purl.org/dc/terms/" xmlns:xsi="http://www.w3.org/2001/XMLSchema-instance" xmlns:doc="http://www.lyncode.com/xoai" xsi:schemaLocation="http://www.loc.gov/MARC21/slim http://www.loc.gov/standards/marcxml/schema/MARC21slim.xsd">
   <leader>00925njm 22002777a 4500</leader>
   <datafield ind2=" " ind1=" " tag="042">
      <subfield code="a">dc</subfield>
   </datafield>
   <datafield ind2=" " ind1=" " tag="720">
      <subfield code="a">Paz, Clara</subfield>
      <subfield code="e">author</subfield>
   </datafield>
   <datafield ind2=" " ind1=" " tag="720">
      <subfield code="a">Montesano del Campo, Adrián</subfield>
      <subfield code="e">author</subfield>
   </datafield>
   <datafield ind2=" " ind1=" " tag="720">
      <subfield code="a">Winter, David</subfield>
      <subfield code="e">author</subfield>
   </datafield>
   <datafield ind2=" " ind1=" " tag="520">
      <subfield code="a">Objective: The aim of this study was to assess the resolution of cognitive conflicts (CC) within a randomized controlled trial (Feixas et al., 2016) testing the differential efficacy of group cognitive behavioral therapy (CBT) plus an individually tailored intervention module focused on CCs versus group plus individual CBT, and to determine whether CC resolution was related to improvement in symptoms and psychological distress. Methods: The data come from 104 adults meeting criteria for major depressive disorder and/or dysthymia. Change in scores on the Beck Depression Inventory II and Clinical Outcomes in Routine Evaluation-Outcome Measure was assessed at the end of treatment and at three-month follow-up. Outcomes were compared between those participants who resolved their CCs and those who maintained them using three-level multilevel growth models. Results: CC resolution did not depend on treatment allocation. Participants who resolved their CCs acquired greater benefits with regards to reduction of depressive symptoms and psychological distress than those who maintained their conflicts. Conclusions: CC seems to be a relevant notion to take into consideration to understand symptom improvement. Further research on CC might lead to the advancement of treatments which involve conflict resolution as a change mechanism.</subfield>
   </datafield>
   <datafield ind1="8" ind2=" " tag="024">
      <subfield code="a">Paz, C., Montesano del Campo, A., Winter, D. &amp; Feixas, G. (2019). Cognitive conflict resolution during psychotherapy: Its impact on depressive symptoms and psychological distress. Psychotherapy Research, 29(1), 45-57. doi: 10.1080/10503307.2017.1405172</subfield>
   </datafield>
   <datafield ind1="8" ind2=" " tag="024">
      <subfield code="a">1050-3307</subfield>
   </datafield>
   <datafield ind1="8" ind2=" " tag="024">
      <subfield code="a">10.1080/10503307.2017.1405172</subfield>
   </datafield>
   <datafield ind1="8" ind2=" " tag="024">
      <subfield code="a">http://hdl.handle.net/10609/106228</subfield>
   </datafield>
   <datafield tag="653" ind2=" " ind1=" ">
      <subfield code="a">Cognitive conflicts</subfield>
   </datafield>
   <datafield tag="653" ind2=" " ind1=" ">
      <subfield code="a">Dilemma-Focused Intervention</subfield>
   </datafield>
   <datafield tag="653" ind2=" " ind1=" ">
      <subfield code="a">Depression</subfield>
   </datafield>
   <datafield tag="653" ind2=" " ind1=" ">
      <subfield code="a">Cognitive Behavioral Therapy</subfield>
   </datafield>
   <datafield tag="653" ind2=" " ind1=" ">
      <subfield code="a">Outcome research</subfield>
   </datafield>
   <datafield ind2="0" ind1="0" tag="245">
      <subfield code="a">Cognitive conflict resolution during psychotherapy: Its impact on depressive symptoms and psychological distress</subfield>
   </datafield>
</record></metadata></record></GetRecord></OAI-PMH>